| 000 | 00640nam a2200229Ia 4500 | ||
|---|---|---|---|
| 001 | 8957 | ||
| 003 | GE_BSU | ||
| 008 | 181216s||||||||xx |||||||||||||| ||und|| | ||
| 040 | _cGE_BSU | ||
| 080 | _a821.353.1–31 | ||
| 100 | _aკასრაძე,დავით | ||
| 245 | _aკეთრი | ||
| 245 | _bრომანი | ||
| 245 | _cმხატვ.გ.გორდელაძე | ||
| 260 | _aთბილისი | ||
| 260 | _bსაბჭოთა საქართველო | ||
| 260 | _c1965 | ||
| 300 | _a295გვ.ილ.22სმ. | ||
| 653 | _aკეთრი | ||
| 653 | _aრომანი | ||
| 942 | _cBK | ||
| 999 |
_c42262 _d42262 |
||